|
|
|
|
| LEADER |
00000nab a2200000 ar4500 |
| 001 |
vtls009285146 |
| 003 |
SK-MaSNL |
| 005 |
20260303204108.0 |
| 008 |
080414c2007 xo er|p|||||||000 b|slo |
| 038 |
|
|
|a PPPK
|
| 040 |
|
|
|a PPPKCL
|b slo
|c PPPKCL
|e AACR2
|
| 041 |
0 |
|
|a slo
|
| 044 |
|
|
|a xo
|c SK
|
| 080 |
|
|
|a 655.3.066.32
|x (437.6)
|x (234.372.4)
|2 1997
|
| 245 |
0 |
0 |
|a Pohľadnica je umenie rozdávať radosť
|c [autor] (pet), Ivan Bohuš
|
| 300 |
|
|
|b Fotogr.
|
| 600 |
1 |
7 |
|a Bohuš, Ivan,
|d 1957-
|2 pppkcl
|9 80008
|
| 648 |
|
7 |
|a 2007
|2 pppkcl
|9 313226
|
| 650 |
0 |
7 |
|a pohľadnice
|2 pppkcl
|9 30449
|
| 650 |
0 |
7 |
|a prezentácie kníh
|2 pppkcl
|9 840434
|
| 651 |
|
7 |
|a Vysoké Tatry (Poľsko a Slovensko : pohorie)
|2 pppkcl
|9 67729
|
| 700 |
1 |
|
|a Bohuš, Ivan,
|d 1957-
|4 aut
|9 80008
|
| 773 |
0 |
|
|t Tatranský dvojtýždenník
|g Roč. XVIII, č. 24 (2007), s. 7
|
| 852 |
|
|
|a PPPK
|b KIS3GCP
|
| 999 |
|
|
|c 2188458
|d 2190388
|